| 000 | 00958nam a22002537a 4500 | ||
|---|---|---|---|
| 005 | 20231222124600.0 | ||
| 010 | _aENG-138730 ENG-138731 | ||
| 020 |
_c9789390897599 _a995.00 |
||
| 020 |
_c9789390897544 _a300.00 |
||
| 035 | _aEN-122262 | ||
| 035 | _aEN-122263 | ||
| 037 | _bDBAD/PUB | ||
| 082 |
_a370.15 _21 |
||
| 100 |
_aMishra, Sachidanananda _960176 |
||
| 245 |
_aChanging Pedagogical Perspective: _bA Handbook For Parents and Teachers to Help Children with Autism/ _cBy Sachidanananda Mishra; Nibedita Guru and Sraban Kumar Bag |
||
| 250 | _a1 | ||
| 260 |
_aNew Delhi _bNeelkamal Publications _c2021 |
||
| 270 |
_a4764/1,23,Ansari Road Daryaganj, _bNew Delhi _e110002 _k011-23244237 _k9811828953 _mneelkamalbooks@gmail.com |
||
| 300 |
_axi+172p. _c24cm(pbk) _bill. |
||
| 300 |
_axi+172p. _c25cm(hbk) |
||
| 700 |
_aGuru, Nibedita _eAuthor _960177 |
||
| 700 |
_aBag, Sraban Kumar _eAuthor _960178 |
||
| 942 |
_2ddc _cEN _h370.15 _mMIS _e1 |
||
| 999 |
_c199781 _d199781 |
||